[Event "Nantes op 4th"]
[Site "Nantes"]
[Date "2005.12.29"]
[Round "5"]
[White "Bioret, Nicolas"]
[Black "Gazzola, Giovanni"]
[Result "1/2-1/2"]
[WhiteElo "2147"]
[BlackElo "1899"]
[PlyCount "79"]
[EventDate "2005.12.27"]
[EventType "swiss"]
[EventRounds "7"]
[EventCountry "FRA"]
[SourceTitle "CBM 110 Extra"]
[Source "ChessBase"]
[SourceDate "2006.03.10"]
[SourceVersion "2"]
[SourceVersionDate "2006.03.10"]
[SourceQuality "1"]

1. e4 c5 2. Nf3 e6 3. d4 cxd4 4. Nxd4 a6 5. c4 Nf6 6. Bd3 Qc7 7. 0-0 Nc6 8. Be3 Be7 9. Nc3 Ne5 10. Bf4 d6 11. Bxe5 dxe5 12. Nf3 0-0 13. Qc2 b6 14. Rac1 Bb7 15. a3 Rfd8 16. Rfd1 Rac8 17. Na4 Nd7 18. b4 h6 19. h3 Kh8 20. Qe2 Bc6 21. Nc3 Bb7 22. Na4 Bc6 23. Bc2 a5 24. Qe1 Ra8 25. Ra1 Ra7 26. Nb2 Rda8 27. Ba4 axb4 28. Bxc6 Qxc6 29. axb4 Rxa1 30. Rxa1 Rxa1 31. Qxa1 Bxb4 32. Nd3 Qxc4 33. Qa8+ Kh7 34. Nxb4 Qxb4 35. Qe8 Nc5 36. Qxf7 Qxe4 37. Ng5+ hxg5 38. Qh5+ Kg8 39. Qe8+ Kh7 40. Qh5+ 1/2-1/2

[Event "Rohde op 05th"]
[Site "Sautron"]
[Date "2005.10.29"]
[Round "8"]
[White "Bioret, Nicolas"]
[Black "Tirard, Hugo"]
[Result "0-1"]
[WhiteElo "2147"]
[BlackElo "2435"]
[PlyCount "60"]
[EventDate "2005.10.22"]
[EventType "swiss"]
[EventRounds "9"]
[EventCountry "FRA"]
[SourceTitle "EXT 2006"]
[Source "ChessBase"]
[SourceDate "2005.11.24"]
[SourceVersion "1"]
[SourceVersionDate "2005.11.24"]
[SourceQuality "1"]

1. e4 c5 2. Nf3 Nc6 3. d4 cxd4 4. Nxd4 e5 5. Nb5 d6 6. c4 Be7 7. N1c3 a6 8. Na3 f5 9. exf5 Bxf5 10. Bd3 Be6 11. Nd5 Nf6 12. 0-0 0-0 13. Be3 Kh8 14. Bb6 Qd7 15. Nxf6 gxf6 16. Be4 Rg8 17. Bd5 Rg6 18. Bxe6 Qxe6 19. Rc1 Qh3 20. g3 Rh6 21. Re1 e4 22. Rc3 Ne5 23. Nc2 Rc8 24. Nd4 f5 25. Qc2 Qxh2+ 26. Kf1 Qh3+ 27. Ke2 Qg4+ 28. Kd2 Bg5+ 29. Rce3 Nxc4+ 30. Kc1 Nxb6 0-1